000 01146nam a2200289Ia 4500
001 ebr10419009
003 CaPaEBR
006 m u
007 cr cn|||||||||
008 100512s2010 njua s 000 0 eng d
020 _z9780470643631
020 _z0470643633
040 _aCaPaEBR
_cCaPaEBR
035 _a(OCoLC)654106508
050 1 4 _aHV6773
_b.W45 2010eb
082 0 4 _a364.163
_222
245 0 0 _aInternet fraud casebook
_h[electronic resource] :
_bthe World Wide Web of deceit /
_cedited by Joseph T. Wells.
260 _aHoboken, NJ :
_bWiley ;
_aChichester :
_bJohn Wiley [distributor],
_c2010.
300 _axvii, 386 p. :
_bill.
533 _aElectronic reproduction.
_bPalo Alto, Calif. :
_cebrary,
_d2010.
_nAvailable via World Wide Web.
_nAccess may be limited to ebrary affiliated libraries.
650 0 _aInternet fraud
_vCase studies.
650 0 _aComputer crimes
_vCase studies.
655 7 _aElectronic books.
_2local
700 1 _aWells, Joseph T.
710 2 _aebrary, Inc.
856 4 0 _uhttp://site.ebrary.com/lib/rucke/Doc?id=10419009
_zAn electronic book accessible through the World Wide Web; click to view
999 _c185458
_d185458